<?xml version="1.0" encoding="UTF-8"?>
<record
    xmlns:xsi="http://www.w3.org/2001/XMLSchema-instance"
    xsi:schemaLocation="http://www.loc.gov/MARC21/slim http://www.loc.gov/standards/marcxml/schema/MARC21slim.xsd"
    xmlns="http://www.loc.gov/MARC21/slim">

  <leader>00460    a2200121   4500</leader>
  <controlfield tag="001">ART_44809</controlfield>
  <controlfield tag="005">20260410162024.0</controlfield>
  <controlfield tag="008">260409a                                 </controlfield>
  <datafield tag="245" ind1="1" ind2="0">
    <subfield code="a">Una metodolog&#xED;a innovadora para la caracterizaci&#xF3;n de la situaci&#xF3;n de salud de las poblaciones ind&#xED;genas de Chile</subfield>
  </datafield>
  <datafield tag="100" ind1="1" ind2=" ">
    <subfield code="a">Pedrero Sanhueza, Malva-Marina</subfield>
  </datafield>
  <datafield tag="700" ind1="1" ind2=" ">
    <subfield code="a">Oyarce, Ana Mar&#xED;a</subfield>
  </datafield>
  <datafield tag="773" ind1="0" ind2=" ">
    <subfield code="t">Notas de poblaci&#xF3;n</subfield>
    <subfield code="g">- A&#xF1;o XXXVI, N&#xBA; 89 (jul./dic. 2009)</subfield>
    <subfield code="w">REV41841</subfield>
  </datafield>
  <datafield tag="999" ind1=" " ind2=" ">
    <subfield code="c">33368</subfield>
    <subfield code="d">33368</subfield>
  </datafield>
</record>
